000
00329nam a2200121Ia 4500
008
220216s9999 xx 000 0 und d
100
_a
Ahmad Faiz B. Md. Alif
245
0
_a
Performance of some pre-emergence herbicides in nurseries
260
_b
Planters Bulletin
_c
1979
300
_a
71-74
650
_a
Herbicides
942
_c
JS
999
_c
64788
_d
64788